Is the age of the antichrist, martydom, rapture and the millennial kingdom coming? (Record no. 8935)
[ view plain ]
| 000 -LEADER | |
|---|---|
| fixed length control field | 00682nam a22002177a 4500 |
| 003 - CONTROL NUMBER IDENTIFIER | |
| control field | GBCCL |
| 005 - DATE AND TIME OF LATEST TRANSACTION | |
| control field | 20241126110702.0 |
| 008 - FIXED-LENGTH DATA ELEMENTS--GENERAL INFORMATION | |
| fixed length control field | 220203b ||||| |||| 00| 0 eng d |
| 020 ## - INTERNATIONAL STANDARD BOOK NUMBER | |
| International Standard Book Number | 8983142278 |
| 020 ## - INTERNATIONAL STANDARD BOOK NUMBER | |
| International Standard Book Number | 8983142855 |
| 040 ## - CATALOGING SOURCE | |
| Transcribing agency | gbc |
| 082 ## - DEWEY DECIMAL CLASSIFICATION NUMBER | |
| Classification number | 228.07 |
| Item number | JON |
| 100 ## - MAIN ENTRY--PERSONAL NAME | |
| Personal name | Jong, Paul C. |
| 9 (RLIN) | 13208 |
| 245 ## - TITLE STATEMENT | |
| Title | Is the age of the antichrist, martydom, rapture and the millennial kingdom coming? |
| 260 ## - PUBLICATION, DISTRIBUTION, ETC. | |
| Place of publication, distribution, etc. | Seoul, Korea : |
| Name of publisher, distributor, etc. | Hephzibah Pub. House, |
| Date of publication, distribution, etc. | 2002- |
| 300 ## - PHYSICAL DESCRIPTION | |
| Extent | 2v. |
| 650 ## - SUBJECT ADDED ENTRY--TOPICAL TERM | |
| Topical term or geographic name entry element | New Life Mission (Seoul, Korea) |
| Form subdivision | Doctrines. |
| 9 (RLIN) | 15341 |
| 650 ## - SUBJECT ADDED ENTRY--TOPICAL TERM | |
| Topical term or geographic name entry element | Bible. |
| Form subdivision | Revelation |
| General subdivision | Commentaries. |
| 9 (RLIN) | 15639 |
| 650 ## - SUBJECT ADDED ENTRY--TOPICAL TERM | |
| Topical term or geographic name entry element | Bible. |
| Form subdivision | Revelation |
| General subdivision | Sermons. |
| 9 (RLIN) | 15640 |
| 942 ## - ADDED ENTRY ELEMENTS (KOHA) | |
| Source of classification or shelving scheme | Dewey Decimal Classification |
| Koha item type | Books |
| Koha issues (borrowed), all copies | 4 |
| Withdrawn status | Lost status | Source of classification or shelving scheme | Damaged status | Not for loan | Home library | Current Library | Shelving location | Date acquired | Total checkouts | Full call number | Barcode | Date last seen | Date last checked out | Copy number | Price effective from | Koha item type |
|---|---|---|---|---|---|---|---|---|---|---|---|---|---|---|---|---|
| Dewey Decimal Classification | GRACE BIBLE COLLEGE | GRACE BIBLE COLLEGE | Biblical Studies | 2022-02-03 | 1 | 228.07 JON | 004782 | 2025-05-01 | 2024-02-08 | v.1 | 2022-02-03 | Books | ||||
| Dewey Decimal Classification | GRACE BIBLE COLLEGE | GRACE BIBLE COLLEGE | Biblical Studies | 2022-02-03 | 3 | 228.07 JON | 004783 | 2025-05-01 | 2024-01-27 | v.2 | 2022-02-03 | Books |